Sports Quiz

Random Sports or MLB Quiz

San Francisco Giants HR Leaders Quiz Stats

 Plays Quiz not verified by Sporcle

Challenge
Share
Tweet
Embed
Score 0/20 Timer 06:00
0 Plays Today
Years Player % Correct
1993-2007Barry Bonds
99.8%
1951-1972Willie Mays
98.9%
1968-1974Bobby Bonds
96.9%
1959-1973, 1977-1980Willie McCovey
95.5%
1997-2002Jeff Kent
87.8%
1926-1947Mel Ott
86.1%
1986-1993Will Clark
85.8%
1975-1984Jack Clark
83.5%
1987-1996Matt Williams
78.9%
1987-1991Kevin Mitchell
69.7%
Years Player % Correct
1958-1966Orlando Cepeda
69.6%
1995-2003, 2007-2009Rich Aurilia
61.5%
1997-2005, 2008J. T. Snow
58.6%
1946-1953, 1957Bobby Thompson
54.5%
1949-1956Hank Thompson
53.1%
1923-1936Bill Terry
34.3%
1942, 1946-1949Johnny Mize
31.9%
1976-1983Darrell Evans
28.1%
1963-1973Jim Ray Hart
27.1%
1922-1936Travis Jackson
16.5%

You're not logged in!

Compare scores with friends on all Sporcle quizzes.
OR
Log In

You Might Also Like...

Show Comments

Extras

Top Quizzes Today


Score Distribution

Your Account Isn't Verified!

In order to create a playlist on Sporcle, you need to verify the email address you used during registration. Go to your Sporcle Settings to finish the process.

Report this User

Report this user for behavior that violates our Community Guidelines.

Details: